[Event "Balkan-ch U18 Girls"]
[Site "Tornelo INT"]
[Date "2020.10.31"]
[Round "4"]
[White "Ergazaki, Eirini"]
[Black "Zeycan, Alara"]
[Result "1-0"]
[WhiteElo "1238"]
[BlackElo "1230"]
[PlyCount "113"]
[EventDate "2020.10.31"]
[EventType "swiss"]
[EventRounds "7"]
[EventCountry "NET"]
[SourceTitle "EXT 2023"]
[Source "ChessBase"]
[SourceDate "2022.10.05"]
[SourceVersion "1"]
[SourceVersionDate "2022.10.05"]
[SourceQuality "1"]

1. e4 e5 2. Nf3 Nc6 3. d4 exd4 4. Bc4 Nf6 5. Ng5 d5 6. exd5 Qe7+ 7. Kf1 Ne5 8. Qxd4 h6 9. Ne4 Nxe4 10. Qxe4 Nxc4 11. Qxc4 Qc5 12. Qe4+ Be7 13. b3 0-0 14. Ba3 Bf5 15. Qxf5 Qb5+ 16. c4 Qe8 17. Bxe7 Qxe7 18. Nd2 Qb4 19. Qd3 Rad8 20. Ne4 Rfe8 21. Re1 f5 22. Nc3 Rxe1+ 23. Kxe1 Re8+ 24. Kd1 Qe7 25. Qxf5 Qh4 26. Ne2 Qe7 27. Re1 Qa3 28. Qc2 Qc5 29. Nf4 Qd4+ 30. Nd3 Qa1+ 31. Nc1 Qd4+ 32. Qd2 Rxe1+ 33. Kxe1 Qe4+ 34. Kf1 Kf7 35. Qd3 Qf4 36. Qf3 Qf6 37. Ke2 Ke7 38. Qxf6+ Kxf6 39. Nd3 Ke7 40. Ke3 Kd6 41. Kd4 c6 42. Nf4 b6 43. Ne6 g6 44. Nd8 cxd5 45. cxd5 Kd7 46. Nf7 h5 47. Ne5+ Kd6 48. Nxg6 b5 49. f4 b4 50. f5 h4 51. f6 h3 52. gxh3 a5 53. f7 a4 54. f8Q+ Kd7 55. Qe7+ Kc8 56. d6 a3 57. Qc7# 1-0

[Event "TUR-ch U13-U18 Girls"]
[Site "Antalya"]
[Date "2020.01.25"]
[Round "11"]
[White "Ilci, Gozde Aleyna"]
[Black "Zeycan, Alara"]
[Result "0-1"]
[WhiteElo "1150"]
[BlackElo "1217"]
[PlyCount "134"]
[EventDate "2020.01.19"]
[EventType "swiss"]
[EventRounds "11"]
[EventCountry "TUR"]
[SourceTitle "CBM 195 Extra"]
[Source "ChessBase"]
[SourceDate "2020.05.31"]
[SourceVersion "1"]
[SourceVersionDate "2020.05.31"]
[SourceQuality "1"]

1. d4 d5 2. c4 e6 3. Nc3 Nf6 4. Nf3 Be7 5. e3 0-0 6. b3 b6 7. Bb2 Bb7 8. Bd3 dxc4 9. Bxc4 a6 10. a4 Bb4 11. 0-0 Nbd7 12. Na2 Be7 13. Nd2 c5 14. Qc2 Re8 15. e4 cxd4 16. Bxd4 e5 17. Be3 Rc8 18. Qb1 Bc5 19. Nc3 Bd4 20. Bxd4 exd4 21. Ne2 Nxe4 22. Nxe4 Bxe4 23. Bd3 Nc5 24. Bxe4 Nxe4 25. Rd1 Qf6 26. f3 Nc3 27. Nxc3 Rxc3 28. Rd3 Qe5 29. Rxc3 dxc3 30. Qd3 Qe3+ 31. Qxe3 Rxe3 32. Rd1 Kf8 33. Kf2 c2 34. Rc1 Rc3 35. Ke2 Ke7 36. Kd2 Rxb3 37. Kxc2 Rb4 38. Re1+ Kd6 39. Kc3 Rxa4 40. Kb3 Rd4 41. Kc3 Rd5 42. Kb4 Rd2 43. Ra1 Rxg2 44. Rxa6 Rxh2 45. Rxb6+ Ke5 46. Kc4 Rf2 47. Rb7 Kf6 48. Rb6+ Kg5 49. Rb7 Rxf3 50. Kd4 h5 51. Ke4 Kg4 52. Rb2 g5 53. Rg2+ Rg3 54. Rf2 h4 55. Rxf7 h3 56. Rf2 Rg2 57. Ke3 Rxf2 58. Kxf2 Kf4 59. Kg1 Kg3 60. Kh1 g4 61. Kg1 h2+ 62. Kh1 Kf2 63. Kxh2 g3+ 64. Kh3 g2 65. Kh4 g1Q 66. Kh5 Kf3 67. Kh6 Kf4 0-1

[Event "TUR-ch U13-U18 Girls"]
[Site "Antalya"]
[Date "2020.01.19"]
[Round "1"]
[White "Zeycan, Alara"]
[Black "Hereklioglu, Sude"]
[Result "0-1"]
[WhiteElo "1217"]
[BlackElo "1984"]
[PlyCount "44"]
[EventDate "2020.01.19"]
[EventType "swiss"]
[EventRounds "11"]
[EventCountry "TUR"]
[SourceTitle "CBM 195 Extra"]
[Source "ChessBase"]
[SourceDate "2020.05.31"]
[SourceVersion "1"]
[SourceVersionDate "2020.05.31"]
[SourceQuality "1"]

1. d4 Nf6 2. Nf3 g6 3. Bf4 Bg7 4. c4 d6 5. Nc3 Nbd7 6. e3 0-0 7. Bd3 Re8 8. 0-0 e5 9. Bg5 h6 10. dxe5 dxe5 11. Bxf6 Nxf6 12. e4 c6 13. Qc2 Nh5 14. Rad1 Qe7 15. Be2 Nf4 16. Ne1 Qg5 17. Bf3 Be6 18. b3 Rad8 19. Nd3 Rxd3 20. Rxd3 Bh3 21. Ne2 Bxg2 22. Re3 Nh3# 0-1

[Event "TUR-chT2"]
[Site "Konya"]
[Date "2017.07.12"]
[Round "5.6"]
[White "Zeycan, Alara"]
[Black "Tokbas, Sila"]
[Result "1-0"]
[WhiteElo "1230"]
[BlackElo "1119"]
[PlyCount "60"]
[EventDate "2017.07.09"]
[EventType "team-swiss"]
[EventRounds "9"]
[EventCountry "TUR"]
[SourceTitle "CBM 179 Extra"]
[Source "ChessBase"]
[SourceDate "2017.08.23"]
[SourceVersion "1"]
[SourceVersionDate "2017.08.23"]
[SourceQuality "1"]
[WhiteTeam "Onay"]
[BlackTeam "Atakum Belediye"]
[WhiteTeamCountry "TUR"]
[BlackTeamCountry "TUR"]

1. d4 d5 2. e3 Nf6 3. Bd3 c5 4. c3 b6 5. f4 e6 6. Nf3 Bd6 7. Ne5 Qc7 8. Nd2 Bb7 9. 0-0 0-0 10. Rf3 h6 11. Rh3 Rd8 12. Qf3 Kf8 13. Nf1 Ke8 14. Qg3 Bf8 15. Bd2 a6 16. Be1 Qe7 17. Bg6 Rc8 18. Bxf7+ Kd8 19. Bg6 Nc6 20. Qf3 Nxe5 21. fxe5 Nd7 22. Bh4 Nf6 23. exf6 Qc7 24. fxg7+ Kd7 25. Qf7+ Kc6 26. Qxe6+ Qd6 27. Qxd6+ Kxd6 28. gxf8Q+ Rxf8 29. Bg3+ Ke7 30. Rxh6 Rf7 1-0